| 000 | 00905nam a22002777a 4500 | ||
|---|---|---|---|
| 999 |
_c200426318 _d44242 |
||
| 003 | TR-AnTOB | ||
| 005 | 20190322123548.0 | ||
| 008 | 120814 2013 tu tur | ||
| 020 | _a9789944578455 | ||
| 040 |
_aDEUX _beng _cTR-AnTOB _erda |
||
| 041 | _atur | ||
| 049 | _aDEUNI | ||
| 050 |
_aD568.3 _b.S48 2013 |
||
| 090 |
_aD568.3 _b.S48 2013 |
||
| 245 | 1 | 0 |
_aSevinç ve gözyaşı : _bÇanakkale 1915 / _cyay. kur. Mehmet Tükek...[ve diğerleri]. |
| 246 | 1 | 2 | _aÇanakkale 1915. |
| 264 |
_aİstanbul : _bAltan Basım, _c2013. |
||
| 300 |
_a156s.: _bfotog., res.; _c43 cm. |
||
| 336 |
_2rdacontent _atext |
||
| 337 |
_2rdamedia _aunmediated |
||
| 338 |
_2volume _ardacarrier |
||
| 650 | 0 |
_aWorld War, 1914-1918 _xCampaigns _yTurkey _zGallipoli Peninsula. |
|
| 650 | 0 |
_aDünya savaşı, 1914-1918 _xSeferler _yTürkiye _zGelibolu Yarımadası. |
|
| 700 | 1 | _aTükek, Mehmet. | |
| 942 |
_2lcc _cBK |
||